[Event "Challenge"]
[Site "http://www.queenalice.com/game.php?id=761711"]
[Date "2010.4.15"]
[Round "-"]
[White "faelgalodoido"]
[Black "dandahud"]
[Result "1-0"]
[WhiteElo "1369"]
[BlackElo "1433"]

1. d4 d5 2. h3 e6 3. Bf4 g5 4. Be5 f6 5. Bh2 Bb4+ 6. c3 Bd6 7. Bxd6 Qxd6 8. Nf3
Qb6 9. Na3 Qxb2 10. Nb1 Qxa1 11. a3 Nh6 12. e3 O-O 13. Bd3 Qb2 14. Qc2 Qb6 15.
Bxh7+ Kh8 16. O-O Rg8 17. Bxg8 Kxg8 18. Qg6+ Kf8 19. Qxh6+ Kf7 20. Qh7+ Ke8 21.
Qh8+ Kd7 22. Qxf6 g4 23. Ne5+ Ke8 24. Qf7+ Kd8 25. Qf8# 1-0

[Event "Challenge"]
[Site "http://www.queenalice.com/game.php?id=767372"]
[Date "2010.4.27"]
[Round "-"]
[White "anstattoo"]
[Black "dandahud"]
[Result "0-1"]
[WhiteElo "1324"]
[BlackElo "1487"]

1. e3 e5 2. Bc4 d5 3. Bb3 c5 4. c4 dxc4 5. Bxc4 Be6 6. b3 Nf6 7. Nf3 Bg4 8. Ba3
e4 9. h3 Bh5 10. g4 Bg6 11. Nh4 Nfd7 12. Qf3 exf3 13. Nxg6 hxg6 14. Bb2 Qa5 15.
Bc3 Qc7 16. Bd5 g5 17. e4 Bd6 18. Na3 Bh2 19. O-O-O Rxh3 20. Nc4 Rh4 21. e5 Bxe5
22. Rhe1 f6 23. Ba5 Qc8 24. Nd6+ Ke7 25. Nxc8+ Kf8 26. Bxb7 Bd4 27. Bxa8 Na6 28.
Be4 Rh8 29. Bg6 Be5 30. Bc3 Rh6 31. Bf5 Ke8 32. d4 Kd8 33. Nxa7 g6 34. Bd3 cxd4
35. Nc6+ Kc7 36. Nxe5 Nxe5 37. Bxa6 Kb6 38. Bc8 dxc3 39. a4 Kc7 40. Be6 Rh2 41.
Kc2 Rxf2+ 0-1

[Event "Challenge"]
[Site "http://www.queenalice.com/game.php?id=767386"]
[Date "2010.4.28"]
[Round "-"]
[White "dandahud"]
[Black "mikeddd013"]
[Result "0-1"]
[WhiteElo "1473"]
[BlackElo "1520"]

1. e4 e5 2. Qh5 Nf6 3. Qxe5+ Qe7 4. Qxc7 Qxe4+ 5. Be2 Na6 6. Qg3 Nb4 7. d3 Nxc2+
8. Kd1 Qc6 9. Bf3 Qc5 10. Be3 Nxe3+ 11. fxe3 Qxe3 12. Be2 Qh6 13. Nf3 Bb4 14. a3
Be7 15. Rf1 d6 16. Nc3 Be6 17. Kc2 Nd5 18. d4 Ne3+ 19. Kd3 Bf5+ 20. Ne4 d5 21.
Kc3 Rc8+ 22. Kb3 dxe4 23. Ne5 Be6+ 24. Ka4 Nxf1 25. Bxf1 Qd2 26. Bb5+ Kd8 27.
Qe1 Qxd4+ 28. Ka5 Qxe5 29. Qd1+ Bd6 30. Rc1 Bd7 31. Ka4 Qxb5# 0-1

[Event "Challenge"]
[Site "http://www.queenalice.com/game.php?id=770727"]
[Date "2010.5.4"]
[Round "-"]
[White "dandahud"]
[Black "faelgalodoido"]
[Result "1-0"]
[WhiteElo "1476"]
[BlackElo "1498"]

1. e4 e6 2. d4 Bb4+ 3. c3 Ba5 4. Qa4 Nc6 5. b4 a6 6. bxa5 b5 7. Qa3 Nf6 8. Bg5
h6 9. Bxf6 gxf6 10. Nf3 Rb8 11. Qc1 Nxa5 12. Qf4 Nc4 13. Qg4 d5 14. Qg7 Rf8 15.
Qxh6 dxe4 16. Nfd2 a5 17. Nxe4 b4 18. Nxf6+ Ke7 19. Bxc4 bxc3 20. Nxc3 Qxd4 21.
Nfe4 Qxc4 22. Qh4+ f6 23. Kd2 Qd4+ 24. Kc2 Qb4 25. Rab1 Qc4 26. Rxb8 Ba6 27.
Rxf8 Qd3+ 28. Kc1 Kxf8 29. Qxf6+ Kg8 30. Qxe6+ Kh8 31. Qh6+ Kg8 32. Qg6+ Kh8 33.
Rd1 Qxd1+ 34. Kxd1 Bd3 35. Qe8+ Kh7 36. Qd7+ Kh6 37. Qxd3 1-0

[Event "The Last Warrior of Chess"]
[Site "http://www.queenalice.com/game.php?id=777796"]
[Date "2010.5.19"]
[Round "-"]
[White "dandahud"]
[Black "Diogolopes"]
[Result "1-0"]
[WhiteElo "1498"]
[BlackElo "1105"]

1. e4 e5 2. Qh5 Nc6 3. Bc4 d5 4. Bxd5 Qe7 5. d3 Qb4+ 6. c3 Qa4 7. Qxf7+ Kd8 8.
Qxf8+ Kd7 9. Qxg7+ Nce7 10. Qxh8 Qc2 11. Bb3 Qxc1+ 12. Bd1 Qxb2 13. Qxe5 Qxa1
14. Qb5+ c6 15. Qb3 Ng6 16. g3 Ne5 17. Bc2 a5 18. Qxg8 Qxa2 19. Qxa2 Kd6 20. d4
Ng6 21. e5+ Kc7 22. Qf7+ Kd8 23. Qg8+ Kc7 24. Qxh7+ Bd7 25. Qxg6 Re8 26. Bf5 b5
27. Qd6+ Kd8 28. Qxd7# 1-0

[Event "Challenge"]
[Site "http://www.queenalice.com/game.php?id=778203"]
[Date "2010.5.19"]
[Round "-"]
[White "Legiao"]
[Black "dandahud"]
[Result "0-1"]
[WhiteElo "1157"]
[BlackElo "1493"]

1. e4 e5 2. Qf3 d6 3. Bc4 Nh6 4. g4 Bxg4 5. Qe3 Nc6 6. f3 Be6 7. Bb3 Nb4 8. c3
Bxb3 9. axb3 Nc2+ 10. Kf1 Nxe3+ 11. dxe3 d5 12. Nd2 dxe4 13. fxe4 Bc5 14. Ndf3
Qd3+ 15. Ke1 Ng4 16. Bd2 Bxe3 17. Rd1 Bf2# 0-1

[Event "AUTO-INT-1621"]
[Site "http://www.queenalice.com/game.php?id=834379"]
[Date "2010.9.18"]
[Round "2"]
[White "jamsession"]
[Black "dandahud"]
[Result "1-0"]
[WhiteElo "1857"]
[BlackElo "1547"]

1. b3 e5 2. e4 Bc5 3. Bb2 Qh4 4. Qf3 d6 5. h3 Nf6 6. d3 Nc6 7. g3 Qh6 8. c3 O-O
9. Nd2 a5 10. a3 b5 11. Bc1 Nh5 12. Nc4 g5 13. Nb2 Be6 14. g4 Nf6 15. Bg2 Bxb3
16. Qe2 1-0

[Event "AUTO-INT-1621"]
[Site "http://www.queenalice.com/game.php?id=834380"]
[Date "2010.9.18"]
[Round "2"]
[White "dandahud"]
[Black "Thanasis"]
[Result "0-1"]
[WhiteElo "1555"]
[BlackElo "1987"]

1. e4 e5 2. Bc4 Nf6 3. d3 Bc5 4. Bg5 h6 5. Be3 d6 6. Nc3 Be6 7. Bd5 c6 8. Bxe6
fxe6 9. Nf3 Nbd7 10. Nh4 d5 11. Ng6 Rg8 12. O-O d4 13. Na4 dxe3 14. Nxc5 Nxc5
15. b4 Ncd7 16. fxe3 Qb6 17. Qd2 O-O-O 18. c4 c5 19. b5 Qd6 20. Rad1 Nb6 21. Qa5
Kb8 22. a4 Ng4 23. Rf3 Nd7 24. h3 Ngf6 25. Rd2 Nf8 26. Nxf8 Rgxf8 27. Rff2 g5
28. g4 h5 29. gxh5 Nxh5 30. Kf1 Rxf2+ 31. Rxf2 Qxd3+ 32. Kg2 Qxe4+ 33. Kf1 Ng3+
34. Ke1 Qxe3+ 35. Re2 Qxe2# 0-1

[Event "AUTO-INT-1621"]
[Site "http://www.queenalice.com/game.php?id=834381"]
[Date "2010.9.18"]
[Round "2"]
[White "Thanasis"]
[Black "dandahud"]
[Result "1-0"]
[WhiteElo "1975"]
[BlackElo "1543"]

1. e4 e5 2. Nf3 d6 3. d4 Bg4 4. Be2 exd4 5. Nxd4 h5 6. Bxg4 hxg4 7. Qxg4 Rh4 8.
Qf3 Nc6 9. Nf5 Nb4 10. Na3 g6 11. Nxh4 Qxh4 12. Bd2 Nc6 13. Nb5 O-O-O 14. O-O
Bh6 15. Bc3 a6 16. Nd4 Nxd4 17. Bxd4 c5 18. Bc3 Rf8 19. Rad1 Kc7 20. e5 b5 21.
exd6+ Kd7 22. Qb7+ Ke6 23. Rfe1+ Kf5 24. Qd5+ Kg4 25. Re4+ Bf4 26. f3# 1-0

[Event "AUTO-INT-1621"]
[Site "http://www.queenalice.com/game.php?id=834383"]
[Date "2010.9.18"]
[Round "2"]
[White "keylanaiumi"]
[Black "dandahud"]
[Result "1-0"]
[WhiteElo "1784"]
[BlackElo "1548"]

1. d4 d5 2. c4 dxc4 3. Nc3 e6 4. e4 Nc6 5. Nf3 Nf6 6. Bxc4 Na5 7. Bb5+ c6 8. Bd3
Bb4 9. O-O O-O 10. a3 Be7 11. b4 Nb3 12. Qxb3 b5 13. Bf4 Nh5 14. Be3 a5 15. Ne5
a4 16. Qd1 1-0